000 004970000a22001810004500
003 MACL
005 20160128130228.0
008 160128b xxu||||| |||| 00| 0 eng d
040 _aMACL
_cMACL
041 _aEnglish
082 _a512/GOY
100 _aGoyal, Dr. S. K.
_934844
245 _aSkills In Mathematics Algebra
_bFor IIT and Other Engineering Entrence
260 _bArihant Prakashan,Meerut
_c2011
_aMeerut
350 _a425
650 _aMathematics
_95682
942 _cBK
_k512/GOY
_2ddc
999 _c44714
_d44714